| 000 | 00409nam a2200169 a 4500 | ||
|---|---|---|---|
| 001 | 0000-8650 | ||
| 003 | ELIB.Books | ||
| 008 | 110520 1995 | ||
| 035 | _a(ELIB.Books)0000-8796 | ||
| 082 |
_a30 _bAlm |
||
| 100 | _aAlmanac | ||
| 245 | _aThe World Almanac 1992 | ||
| 260 |
_bNew York: World Almanac _c1995 |
||
| 650 | _aWorld Almanc | ||
| 942 |
_2ddc _cBK |
||
| 998 |
_cbat _e2011-05-20 |
||
| 999 |
_c8650 _d8650 |
||